Normal view
MARC view
Entry Personal Name
001 - CONTROL NUMBER
- control field: 27313
003 - CONTROL NUMBER IDENTIFIER
- control field: ARRUPE
005 - DATE AND TIME OF LATEST TRANSACTION
- control field: 20161104124654.0
008 - FIXED-LENGTH DATA ELEMENTS
- fixed length control field: 161104|| aca||aabn | a|a d
040 ## - CATALOGING SOURCE
- Original cataloging agency: ARRUPE
- Transcribing agency: ARRUPE
100 ## - HEADING--PERSONAL NAME
- Personal name: Eltis, David
670 ## - SOURCE DATA FOUND
- Source citation: Work cat.: (ARRUPE): Eltis, David, Economic growth and the ending of the Transatlantic slave trade, 1987